Finish the Quote - VCT Casters - Statistics

General Stats
  • This quiz has been taken 504 times
  • The average score is 24 of 46
Answer Stats
Caster Quote % Correct
pansy Fnatic
80%
pansyㅤ Fnatic
80%
Sideshow Karmine Corp
77%
Dougㅤ TenZ
77%
pansyㅤ Demon1
75%
Dougㅤ Sentinels
75%
Taiga Kishi yay
75%
Taiga Kishi {yay}. Hajimattaka, kono buki ha kiken da. {yay}! {yay}!! {YAY}!!! {YAY}!!!! Miteru!
75%
Bren + Sideshow He's gone away in heaven, he's dropped it! THAT'S THE {SPIKE}!!! The overheat moment! The positioning! What a blunder! What a whiff!
74%
Taiga Kishi OpTic Gaming
74%
Brenㅤㅤ OpTic Gaming
74%
pansyㅤ Evil Geniuses
73%
pansy Leviatán
71%
Bren + Sideshow Leviatán
71%
Sideshow TIME?!?!? TIME?!?!?!? YOU FUCKING {MELONS}!!!
70%
BiDa + xrm aspas
69%
pansy Enzo
68%
BiDa + xrm LOUD
68%
Sideshow Team Heretics
62%
Brenㅤ ZmjjKK
62%
Brenㅤ DRX
61%
Brenㅤㅤ DRX
61%
Brenㅤ EDward Gaming
60%
Doug I said this the first time I called [Player]: This is {his} {world} and we're just living in it!
58%
Bren + Sideshow XSET
55%
Brenㅤㅤ Rb
52%
BiDa + xrm Team Liquid
52%
Bren + Sideshow Melser
50%
Taiga Kishi The Guard
50%
Doug The Guard
50%
Bren BuZz
47%
Bren Hands up. [Player] seeks to claim the kill. There's the rifle. Second guesses it with the OP. This man is playing {gungame}!
46%
Brenㅤ NAVI
45%
BiDa + xrm Doise contra um agora para ele, o [Player] {gira}, vai para um lado, vai para o outro o [Player]. {GIRA} [Player]!!! Garante o ponto!
40%
Doug Cloud9
34%
Bren + Sideshow He knows where the opposition is. He's sticking it! What an insane play from [Player]! {Ice} {cold}!
28%
Bren In fact, even the ult will be commited he-YAAAAA! WHAT! {SPRAYDOWN}! And the lockdown will not do squat!
27%
Dougㅤ Luminosity Gaming
27%
Mac The paparazzi, the have lined together! AND IT'S A CAMERA STARRING MOMENT! [Player]! GIVE THIS MAN A BLOODY {OSCAR}!
25%
pansy El diablo is dead, there's no {king} {in} {hell}.
22%
Bren Attacking Soul Esports
20%
Doug Pack your bags. From {rookies} to Reykjakív, [Team] are heading to Masters!
19%
Bren [Player]? Is he really gonna be that guy? Pushing forwards, all the way round. [Player] nails the shot! {Are} {you} {not} {entertained}?
18%
Mac BOOM Esports
16%
Mac famouz
13%
Mac XERXIA
12%
No matching quizzes found
Score Distribution
Percent of People with Each Score
Percentile by Number Answered
Your Score History
You have not taken this quiz